|
|
|
|
| LEADER |
02511nam a22006015i 4500 |
| 001 |
978-3-540-72395-0 |
| 003 |
DE-He213 |
| 005 |
20151204165650.0 |
| 007 |
cr nn 008mamaa |
| 008 |
100301s2007 gw | s |||| 0|eng d |
| 020 |
|
|
|a 9783540723950
|9 978-3-540-72395-0
|
| 024 |
7 |
|
|a 10.1007/978-3-540-72395-0
|2 doi
|
| 040 |
|
|
|d GrThAP
|
| 050 |
|
4 |
|a QA75.5-76.95
|
| 072 |
|
7 |
|a UYZG
|2 bicssc
|
| 072 |
|
7 |
|a COM037000
|2 bisacsh
|
| 082 |
0 |
4 |
|a 004.0151
|2 23
|
| 245 |
1 |
0 |
|a Advances in Neural Networks – ISNN 2007
|h [electronic resource] :
|b 4th International Symposium on Neural Networks, ISNN 2007, Nanjing, China, June 3-7, 2007, Proceedings, Part III /
|c edited by Derong Liu, Shumin Fei, Zengguang Hou, Huaguang Zhang, Changyin Sun.
|
| 264 |
|
1 |
|a Berlin, Heidelberg :
|b Springer Berlin Heidelberg,
|c 2007.
|
| 300 |
|
|
|a LII, 1210 p.
|b online resource.
|
| 336 |
|
|
|a text
|b txt
|2 rdacontent
|
| 337 |
|
|
|a computer
|b c
|2 rdamedia
|
| 338 |
|
|
|a online resource
|b cr
|2 rdacarrier
|
| 347 |
|
|
|a text file
|b PDF
|2 rda
|
| 490 |
1 |
|
|a Lecture Notes in Computer Science,
|x 0302-9743 ;
|v 4493
|
| 505 |
0 |
|
|a Feedforward Neural Networks -- Recurrent Neural Networks -- Neural Networks for Optimization -- Support Vector Machines -- Fault Diagnosis/Detection -- Communications and Signal Processing -- Image/Video Processing -- Applications of Neural Networks.
|
| 650 |
|
0 |
|a Computer science.
|
| 650 |
|
0 |
|a Computer communication systems.
|
| 650 |
|
0 |
|a Computers.
|
| 650 |
|
0 |
|a Algorithms.
|
| 650 |
|
0 |
|a Computer science
|x Mathematics.
|
| 650 |
|
0 |
|a Artificial intelligence.
|
| 650 |
|
0 |
|a Pattern recognition.
|
| 650 |
1 |
4 |
|a Computer Science.
|
| 650 |
2 |
4 |
|a Computation by Abstract Devices.
|
| 650 |
2 |
4 |
|a Computer Communication Networks.
|
| 650 |
2 |
4 |
|a Algorithm Analysis and Problem Complexity.
|
| 650 |
2 |
4 |
|a Discrete Mathematics in Computer Science.
|
| 650 |
2 |
4 |
|a Artificial Intelligence (incl. Robotics).
|
| 650 |
2 |
4 |
|a Pattern Recognition.
|
| 700 |
1 |
|
|a Liu, Derong.
|e editor.
|
| 700 |
1 |
|
|a Fei, Shumin.
|e editor.
|
| 700 |
1 |
|
|a Hou, Zengguang.
|e editor.
|
| 700 |
1 |
|
|a Zhang, Huaguang.
|e editor.
|
| 700 |
1 |
|
|a Sun, Changyin.
|e editor.
|
| 710 |
2 |
|
|a SpringerLink (Online service)
|
| 773 |
0 |
|
|t Springer eBooks
|
| 776 |
0 |
8 |
|i Printed edition:
|z 9783540723943
|
| 830 |
|
0 |
|a Lecture Notes in Computer Science,
|x 0302-9743 ;
|v 4493
|
| 856 |
4 |
0 |
|u http://dx.doi.org/10.1007/978-3-540-72395-0
|z Full Text via HEAL-Link
|
| 912 |
|
|
|a ZDB-2-SCS
|
| 912 |
|
|
|a ZDB-2-LNC
|
| 950 |
|
|
|a Computer Science (Springer-11645)
|